00297nam a2200109Ia 4500008004100000020001800041082001300059100001700072245005000089260003600139300001200175191014s9999 xx 000 0 und d a0-631-16847-8 a113bSTE aLan Stewart  0aDoes God Play Dice? The Mathematics of Chaos  aUKbBilling and Sons Ltd.c1990 aPeg,348